| 000 | 01969nam a22002537a 4500 | ||
|---|---|---|---|
| 999 |
_c63046 _d63046 |
||
| 003 | Ge_BSU | ||
| 005 | 20250523105717.0 | ||
| 008 | 250523s2023 ge ||||| |||| 00| 0 geo d | ||
| 020 | _a9789941858833 | ||
| 041 | _ageo | ||
| 080 | _a316.325 : 004 : 342.5 კ-36 | ||
| 100 |
_aკახიძე, ირაკლი _925109 |
||
| 245 |
_aძალაუფლების ტრანსფორმაცია ინფორმაციულ საზოგადოებაში = Transformation of Power in the Information Society / _cირაკლი კახიძე; სამეცნიერო რედაქტორი თენგიზ ირემაძე; დაკაბადონება და ყდის დიზაინი გიორგი ბაგრატიონი; ახალი საქართველოს უნივერსიტეტი, კავკასიური ფილოსოფიისა და თეოლოგიის სამეცნიერო-კვლევითი არქივი. |
||
| 250 | _aI გამოცემა | ||
| 264 |
_aთბილისი, _c2023. |
||
| 300 |
_a151 გვ. ; _b21 სმ. |
||
| 500 | _aსაძიებლები: გვ. 147-150. | ||
| 504 | _aბიბლიოგრაფია: გვ. 128-142. | ||
| 520 | _aრეზიუმე ინგლისურ ენაზე. | ||
| 700 |
_aირემაძე, თენგიზ _e სამეცნიერო რედაქტორი _92229 |
||
| 700 |
_aბაგრატიონი, გიორგი _eყდის დიზაინერი _925110 |
||
| 710 |
_aახალი საქართველოს უნივერსიტეტი. _bკავკასიური ფილოსოფიისა და თეოლოგიის სამეცნიერო-კვლევითი არქივი _925111 |
||
| 942 |
_2udc _cBK |
||